LDR 00810nam a2200205 4500 001 000000367701 003 CaOOAMICUS 005 20260511151319.0 008 260511s2019 it a 000 u ita r 040 $aSeMil$bita 245 10$a5: Dal Monviso al Colle di Cadibona. 264 1$aRoma :$bGEDI Gruppo Editoriale,$c2019. 300 $a159 p. :$bill. ;$c24 cm 773 0 $aClub Alpino italiano$tMontagne incantate.$dRoma : GEDI Gruppo Editoriale, 2019-$g5$w()367693 850 $aSeMil 852 $aSeMil$W1$xVenegono$y1$m4Y IV 265$j271714$B258364$CSeMilBibl$Z2$F258364 $81 961 $aCaspani Maurizio - Lascito 996 $6245$a5: Dal Monviso al Colle di Cadibona$9(OLS)http://semarc/title/459686 996 $6264$aRoma :$bGEDI Gruppo Editoriale$9(OLS)http://semarc/publisher/56872